000 00229nam a22000857a 4500
008 160914b xxu||||| |||| 00| 0 eng d
100 _9415
_aGupta.R.G ettal
245 _aJunoior Mathematics
260 _aNew Delhi
_bAPC Publications
_c2011
999 _c3072
_d3072